000
00281 a2200157 4500
001
178513
020
_a
040
_c
Magnum
100
_a
Eko
240
1
0
_a
Aladim
_l
por
245
1
0
_a
Aladim
362
0
_a
1899
440
1
_a
Eko
697
_a
MAGNITO: I/CONTO
942
_c
BK
999
_c
178513
_d
178513